书目信息 |
| 题名: |
建筑施工碗扣式钢管脚手架安全技术手册
|
|
| 作者: | 于海祥 主编 | |
| 分册: | ||
| 出版信息: | 北京 中国建筑工业出版社 2017.12 |
|
| 页数: | 14, 590页 | |
| 开本: | 26cm | |
| 丛书名: | 工程建设标准宣贯培训系列丛书 | |
| 单 册: | ||
| 中图分类: | TU731.2 | |
| 科图分类: | ||
| 主题词: | 脚手架--jiao shou jia--工程施工--安全技术--手册 | |
| 电子资源: | ||
| ISBN: | 978-7-112-21071-8 | |
| 000 | 01183nam 2200241 450 | |
| 001 | 0100001017 | |
| 005 | 20190311105716.14 | |
| 010 | @a978-7-112-21071-8@dCNY88.00 | |
| 100 | @a20180103d2017 em y0chiy50 ea | |
| 101 | 0 | @achi |
| 102 | @aCN@b110000 | |
| 105 | @ay z 000yy | |
| 200 | 1 | @a建筑施工碗扣式钢管脚手架安全技术手册@Ajian zhu shi gong wan kou shi gang guan jiao shou jia an quan ji shu shou ce@f于海祥主编 |
| 210 | @a北京@c中国建筑工业出版社@d2017.12 | |
| 215 | @a14, 590页@d26cm | |
| 225 | 2 | @a工程建设标准宣贯培训系列丛书@Agong cheng jian she biao zhun xuan guan pei xun xi lie cong shu |
| 330 | @a本书围绕新修订的工程建设行业标准《建筑施工碗扣式钢管脚手架安全技术规范》JGJ166-2016, 针对碗扣式钢管脚手架的设计、施工、验收与安全管理展开了系统讲解。书中对碗扣式钢管脚手架产品目录中的所有构配件进行了介绍, 并对其用途进行了全面而详细的阐述, 对广大施工企业工程技术人员正确认识、选用碗扣式钢管脚手架有很好的指导意义。 | |
| 410 | 0 | @12001 @a工程建设标准宣贯培训系列丛书 |
| 606 | 0 | @a脚手架@Ajiao shou jia@x工程施工@x安全技术@j手册 |
| 690 | @aTU731.2@v5 | |
| 701 | 0 | @a于海祥@Ayu hai xiang@4主编 |
| 801 | 0 | @aCN@c20180910 |
| 905 | @a河南城建学院图书馆@dTU731.2@eY713 | |
| 建筑施工碗扣式钢管脚手架安全技术手册/于海祥主编.-北京:中国建筑工业出版社,2017.12 |
| 14, 590页;26cm.-(工程建设标准宣贯培训系列丛书) |
| ISBN 978-7-112-21071-8:CNY88.00 |
| 本书围绕新修订的工程建设行业标准《建筑施工碗扣式钢管脚手架安全技术规范》JGJ166-2016, 针对碗扣式钢管脚手架的设计、施工、验收与安全管理展开了系统讲解。书中对碗扣式钢管脚手架产品目录中的所有构配件进行了介绍, 并对其用途进行了全面而详细的阐述, 对广大施工企业工程技术人员正确认识、选用碗扣式钢管脚手架有很好的指导意义。 |
| ● |
| 相关链接 |
|
|
|
正题名:建筑施工碗扣式钢管脚手架安全技术手册
索取号:TU731.2/Y713
 
预约/预借
| 序号 | 登录号 | 条形码 | 馆藏地/架位号 | 状态 | 备注 |
| 1 | 1244097 | 212440973 | 建筑库201/201建筑库 107排4列1层/ [索取号:TU731.2/Y713] | 在馆 | |
| 2 | 1399476 | 213994766 | 建筑库201/201建筑库 107排4列1层/ [索取号:TU731.2/Y713] | 在馆 | |
| 3 | 1399477 | 213994775 | 建筑库201/201建筑库 107排4列1层/ [索取号:TU731.2/Y713] | 在馆 |